LEADER 01257nam--2200385---450- 001 990006160290203316 005 20160713142504.0 010 $a978-88-6689-886-3 035 $a000616029 035 $aUSA01000616029 035 $a(ALEPH)000616029USA01 035 $a000616029 100 $a20140221d2016----km-y0itay50------ba 101 $aita 102 $aIT 105 $a||||||||001yy 200 1 $aCodice amministrativo$ele norme in materia di atti e procedimenti amministrativi, enti locali, edilizia e urbanistica, impiego pubblico, opere pubbliche$fFrancesco Bartolini 210 $aPiacenza$cLaTribuna$d2016 215 $a2333 p.$d22 cm 225 2 $aConcorsi e professioni 410 0$12001$aConcorsi e professioni 676 $a346.45002643 702 1$aBARTOLINI,$bFrancesco$f<1942- > 710 02$aItalia$0423419 801 0$aIT$bsalbc$gISBD 912 $a990006160290203316 951 $aXXIV.3.A. 606$b84058 G.$cXXIV.3.A.$d390227 959 $aBK 969 $aGIU 979 $aFIORELLA$b90$c20160712$lUSA01$h1509 979 $aFIORELLA$b90$c20160712$lUSA01$h1512 979 $aFIORELLA$b90$c20160712$lUSA01$h1609 979 $aANDRIA$b90$c20160713$lUSA01$h1425 996 $aCodice amministrativo$9168058 997 $aUNISA LEADER 01140nam a2200253 i 4500 001 991000014389707536 005 20020506120449.0 008 960704s1976 it ||| | ita 035 $ab10635518-39ule_inst 035 $aEXGIL137205$9ExL 040 $aBiblioteca Interfacoltà$bita 100 1 $aFortuna, Piero$0442228 245 10$aSbrindellato, scalzo in groppa a un ciuco, ma col casco d'Africa ancora in capo :$bgli italiani al Sud e al Nord dall'8 settembre '43 al 25 aprile '45 /$cPiero Fortuna, Raffaello Uboldi 260 $a[Milano] :$bA. Mondadori 1,$c1976 300 $a377 p. ;$c22 cm. 440 3$aLe scie 651 4$aItalia$y1943-1945 - Diari e memorie 700 1 $aUboldi, Raffaello$eauthor$4http://id.loc.gov/vocabulary/relators/aut$0129452 907 $a.b10635518$b02-04-14$c28-06-02 912 $a991000014389707536 945 $aLE002 Fondo Berg. 694$g1$iLE002-73595$lle002$o-$pE0.00$q-$rn$so $t0$u0$v0$w0$x0$y.i10723845$z28-06-02 996 $aSbrindellato, scalzo in groppa a un ciuco, ma col casco d'Africa ancora in capo$91455094 997 $aUNISALENTO 998 $ale002$b01-01-96$cm$da $e-$fita$git $h0$i1